| 000 | 01161nam a22002777a 4500 | ||
|---|---|---|---|
| 005 | 20240814174134.0 | ||
| 008 | s2533 th tha d | ||
| 020 | _a9748690768 | ||
| 040 | _aNALT | ||
| 041 | _atha | ||
| 100 | 0 | _aจงรัก ระรวยทรง | |
| 245 | 1 | 0 | _aจากภาษีการค้า สู่ภาษีมูลค่าเพิ่ม [2nd] |
| 260 | 3 |
_aกรุงเทพฯ : _bนิติธรรม, _c2533 |
|
| 300 |
_a147 หน้า ; _b 21 ซม. |
||
| 650 | 0 | 4 | _aภาษีการค้า |
| 650 | 0 | 4 | _aภาษีซ้อน |
| 650 | 0 | 4 | _aภาษีมูลค่าเพิ่ม |
| 650 | 0 | 4 | _aภาษีมูลค่าเพิ่ม -- อินโดนีเซีย |
| 650 | 0 | 4 | _aภาษีมูลค่าเพิ่ม -- เกาหลีใต้ |
| 650 | 0 | 4 | _aภาษีมูลค่าเพิ่ม -- ไต้หวัน |
| 650 | 0 | 4 | _aภาษีมูลค่าเพิ่ม -- ไทย |
| 850 | _aNALT | ||
| 942 |
_cLB _2lcc |
||
| 999 |
_c16862 _d16862 |
||
| 998 |
_j25 _k นีลวัสน์ อินทรักษา |
||
| 090 | _aKI27.1 จ126จ 2533 | ||